Weiter zum Inhalt

Сварка строительных металлических конструкций

Приведены сведения об основных существующих способах сварки. Описаны основные технологические процессы, происходящие при различных способах сварки, оборудование и материалы, рассмотрены основные преимущества и недостатки каждого вида сварки. Рассмотрены пути повышения прочности и свариваемости сварн...

Ausführliche Beschreibung

Gespeichert in:
Bibliographische Detailangaben
1. Verfasser: Парлашкевич В. С.
Weitere Verfasser: Белов В. А.
Format: Книга
Sprache:Russian
Veröffentlicht: Москва МИСИ – МГСУ 2012
Ausgabe:2-е изд.
Online Zugang:http://e.lanbook.com/books/element.php?pl1_id=73621
https://e.lanbook.com/img/cover/book/73621.jpg
Tags: Tag hinzufügen
Keine Tags, Fügen Sie den ersten Tag hinzu!
LEADER 02798nam0a2200301 i 4500
001 73621
003 RuSpLAN
005 20221220173948.0
008 221220s2012 ru gs 000 0 rus
020 |a 978-5-7264-0569-8 
040 |a RuSpLAN 
041 0 |a rus 
044 |a ru 
080 |a 624.014:621.79 
084 |a 38.5  |2 rubbk 
245 0 0 |a Сварка строительных металлических конструкций  |c Парлашкевич В. С.,Белов В. А. 
250 |a 2-е изд. 
260 |a Москва  |b МИСИ – МГСУ  |c 2012 
300 |a 112 с. 
500 |a Рекомендовано Учебно-методическим объединением вузов РФ по образованию в области строительства в качестве учебного пособия для студентов, обучающихся по направлению 270100 «Строительство» 
504 |a Библиогр.: доступна в карточке книги, на сайте ЭБС Лань 
520 8 |a Приведены сведения об основных существующих способах сварки. Описаны основные технологические процессы, происходящие при различных способах сварки, оборудование и материалы, рассмотрены основные преимущества и недостатки каждого вида сварки. Рассмотрены пути повышения прочности и свариваемости сварных соединений, а также контроля их качества. Изложены основы теории образования сварочных напряжений и деформаций и мероприятия по их снижению и основы технологического процесса изготовления сварных строительных металлоконструкций. Для студентов очного и заочного отделений института ИГЭС, а также экстерната при изучении раздела «Сварка», предусмотренного дисциплиной «Металлические конструкции, включая сварку». 
521 8 |a Книга из коллекции МИСИ – МГСУ - Инженерно-технические науки 
100 1 |a Парлашкевич В. С. 
700 1 |a Белов В. А. 
856 4 |u http://e.lanbook.com/books/element.php?pl1_id=73621 
856 4 8 |u https://e.lanbook.com/img/cover/book/73621.jpg 
953 |a https://e.lanbook.com/img/cover/book/73621.jpg